000 00466cam a2200193ua 4500
020 _c13.60
041 _aeng
_h
082 _a621.01
_bMOR/ME
100 _aMorley, Arthur .
245 _aMechanical engineering science /
_cArthur Morley.
_hTextual Documents
250 _a5 /
_b.
260 _aLondon :
_bLongman ,
_c1962.
300 _a270 ; .
365 _a13.60
504 _a
700 1 _aHughes, Edward .
942 _cBK
999 _c9329
_d9329